000 00219nam a2200097Ia 4500
008 240331s9999 xx 000 0 und d
082 _bAZW
100 _aAzwer,A.H.M
245 0 _aAnuradhapura mawadda muslimkal
942 _cL
999 _c2048
_d2048